Countries With Most Total Births - Statistics

General Stats
  • This quiz has been taken 855 times
  • The average score is 17 of 20
Answer Stats
Total Births Country % Correct
1,450.1 mil China
99%
1,562.9 mil India
99%
253.9 mil United States
98%
221.4 mil Brazil
94%
135.2 mil Russia
91%
144.7 mil Mexico
90%
292.9 mil Indonesia
89%
251.6 mil Nigeria
89%
225.2 mil Pakistan
88%
97.0 mil Japan
87%
205.0 mil Bangladesh
84%
107.5 mil Egypt
81%
100.4 mil DR of the Congo
80%
101.3 mil Vietnam
77%
88.6 mil Iran
76%
70.5 mil Thailand
76%
129.1 mil Ethiopia
75%
114.6 mil Philippines
73%
88.8 mil Turkey
71%
70.0 mil Myanmar
54%
No matching quizzes found
Score Distribution
Percent of People with Each Score
Percentile by Number Answered
Your Score History
You have not taken this quiz